000 01184nam0a2200289 4500
001 RU\NLR\BIBL_A\010015068
005 20250613195912.0
021 _aRU
_b2013-84588
_95856
035 _a(NLR Aleph) 010015068
090 _a9872938
_c9872938
100 _a20131217d2013 |||y0rusy50 ca
101 0 _aeng
_drus
102 _aRU
105 _aa |||||||
200 1 _aAngular Sn and spatial finite element even-odd parity pransport equation discretization
_fN.I. Kokonkov
210 _aМосква
_cИПМ им. М.В. Келдыша РАН
_d2013
215 _a20 с.
_cил.
_d20
225 1 _aПрепринт
_fИн-т приклад. математики им. М.В. Келдыша Рос. акад. наук
_x2071-2898
_v№ 59 за 2013 г.
300 _aРез. на англ. яз.
320 _aБиблиогр.: с. 20 (6 назв.)
606 1 _aНейтроны
_xПереноса уравнения
_xРешение
_xЧисленные методы
_92214930
_3RU\NLR\AUTH\661330357
686 1 _aВ386.21
700 1 _aKokonkov
_bN.I.
_gNikita Igorevič
942 _cBOOK
980 _aNB